| 000 | 00391nam a2200169Ia 4500 | ||
|---|---|---|---|
| 005 | 20250603144840.0 | ||
| 008 | 250603s9999 xx 000 0 und d | ||
| 020 | _a0-07-116429-4 | ||
| 050 | _aQC 661 .K72/ | ||
| 100 | _aJohn D. Kraus | ||
| 245 | 0 | _aElectromagnetics with Applications | |
| 250 | _a5th ed. | ||
| 260 | _bMcGraw-Hill | ||
| 260 | _c1999 | ||
| 300 | _a617 p | ||
| 942 | _cBK | ||
| 999 |
_c40130 _d40130 |
||